| 000 | 00679nam a2200217Ia 4500 | ||
|---|---|---|---|
| 008 | 191130s2009##################000#0#eng## | ||
| 020 | _a9781412966702 | ||
| 022 | _a2008054639 | ||
| 040 |
_aACL _cACL |
||
| 082 | _a790.1 CAR | ||
| 245 |
_aEncyclopedia of play in today's society _cRodney P. Carlisle, general editor |
||
| 260 |
_aThousand Oaks, CA _bSAGE _c2009 |
||
| 300 | _a2 v. (xl, 980 p.) : ill. ; 29 cm | ||
| 500 | _aIncludes bibliographical reference and index | ||
| 650 | _aLeisure - Encyclopedias | ||
| 650 | _aRecreation - Encyclopedias | ||
| 700 | _aCarlisle, Rodney P | ||
| 990 | _abfdf14feac10000c0f4bb3a8e3be05a8 | ||
| 991 | _a355590 | ||
| 999 |
_c259899 _d259899 |
||